O prekladaní medzi češtinou a slovenčinou

Bibliographic Details
Main Author: Horák, Gejza, 1919-2003 (Author)
Format: Article
Language:Slovak
PhysicalDescription:Lit. 6 zázn. v slov., češ., franc.
Subjects:

MARC

LEADER 00000nab a2200000 a 4500
001 vtls000198983
003 SK-MaSNL
005 20260304121055.0
008 250422c1984 xo 0 slo
015 |a SNBRA19rr/mm-uuuuu 
035 |a CL0209096 
035 |a urn:nbn:sk:snk-ab97we 
035 |a (urnnbn)urn:nbn:sk:snk:ar-0079pj 
035 |a (uuid)0a8b334e-ef4f-4414-9880-4b024fdce38a 
040 |a SNKBUCL  |b slo  |c SNKBUCL  |e AACR2 
041 0 |a slo 
044 |a xo  |c SK 
080 |a 808.54+808.50:82.035  |2 1981 
080 |a 808.50  |2 1981 
080 |a 82.035  |2 1981 
100 1 |a Horák, Gejza,  |d 1919-2003  |4 aut  |9 104508 
245 1 0 |a O prekladaní medzi češtinou a slovenčinou  |c Gejza Horák 
300 |b Lit. 6 zázn. v slov., češ., franc. 
650 0 7 |a slovenčina  |2 snkbucl  |9 1350 
650 0 7 |a čeština  |2 snkbucl  |9 1319 
650 0 7 |a preklad  |2 snkbucl  |9 25315 
655 7 |a články zo zborníkov  |2 snkbucl  |9 166140 
773 0 |t Studia academica slovaca 13  |d Bratislava : Alfa, 1984 
850 |a Slovenská národná knižnica 
852 |a Slovenská národná knižnica 
954 |a odborná, vedecká literatúra pôvodná (slovenská)  |2 lita 
958 |a article13 
958 |a NB 
958 |a RK 
958 |a CZ 
958 |a OND 
958 |a EUIPO 
992 |a RZB 
999 |c 2883313  |d 2885243